Casa de niebla

I tiakina i:
Ngā taipitopito rārangi puna kōrero
Kaituhi matua: Bombal, María Luisa, 1910-1980 (autora)
Hōputu: Pukapuka
Reo:Pāniora
I whakaputaina: Santiago Universidad Católica de Chile 2012
Putanga:1a. ed
Ngā marau:
Ngā Tūtohu: Tāpirihia he Tūtohu
Kāore He Tūtohu, Me noho koe te mea tuatahi ki te tūtohu i tēnei pūkete!

MARC

LEADER 00000cam a2200000 a 4500
001 UCF1671
003 CL-VaPUC
008 120723e20120000CL |||||||||||||||||spa|d
020 |a 9789561412484 
082 0 4 |a Ch863  |b BOM  |2 21 
100 |a Bombal, María Luisa,   |d 1910-1980  |e autora  |9 307961 
245 1 0 |a Casa de niebla 
250 |a 1a. ed 
300 |a 247 p 
942 |c BK 
945 |d 20120723 00:00:00  |a cmena 
260 |a Santiago  |b Universidad Católica de Chile  |c 2012 
500 |a Casa de Niebla se inicia con una advertencia: "No habrá asesinato ni asesino, pero sí existirá un crimen". Ubicada en los primeros días del siglo XX, esta novela cuenta la historia de Helga en una mansión cercada por la niebla, mientras el fantasma de Teresa aparece todas las noches rondando las aguas de la laguna. Se crea así la atmósfera de una novela llena de sombras y misterios para la protagonista, que vive el amor no correspondido e incursiona en la realidad onírica 
650 0 |a Novelas chilenas   |9 265425 
650 0 |a Narrativa chilena  |9 342463 
583 |a last modification  |c 20120723 10:17:00  |k Rodrigo Vera 
999 |c 348359  |d 348357 
952 |0 0  |1 0  |4 0  |6 CH_863_000000000000000_BOM_2012  |7 0  |8 A  |9 450342  |a BIBING  |b BIBING  |d 2019-11-22  |i 4875370  |o Ch863 BOM 2012  |p 4875370  |r 2025-01-20  |w 2019-11-22  |y BK  |k CUI